The systems work of social change (Record no. 4755)

MARC details
000 -CABECERA
campo de control de longitud fija 02832nam a2200361 i 4500
001 - NÚMERO DE CONTROL
campo de control 9806237
003 - IDENTIFICADOR DEL NÚMERO DE CONTROL
campo de control CaAEU
005 - FECHA Y HORA DE LA ÚLTIMA TRANSACCIÓN
campo de control 20250617083752.0
006 - CÓDIGOS DE INFORMACIÓN DE LONGITUD FIJA--CARACTERÍSTICAS DEL MATERIAL ADICIONAL
campo de control de longitud fija m o d
007 - CAMPO FIJO DE DESCRIPCIÓN FÍSICA--INFORMACIÓN GENERAL
campo de control de longitud fija cr|cn|||||||||
008 - DATOS DE LONGITUD FIJA--INFORMACIÓN GENERAL
campo de control de longitud fija 211114t20212021enka ob 001 0 eng d
020 ## - NÚMERO INTERNACIONAL ESTÁNDAR DEL LIBRO
Número Internacional Estándar del Libro 9780198857457
035 ## - NÚMERO DE CONTROL DEL SISTEMA
Número de control de sistema on1280068779
037 ## - FUENTE DE ADQUISICIÓN
Número de adquisición 6687642
Fuente del número de adquisición Proquest Ebook Central
039 ## - NIVEL DE CONTROL BIBLIOGRÁFICO Y DETALLES DE CODIFICACIÓN [OBSOLETO]
Nivel de reglas en descripción bibliográfica exclude
040 ## - FUENTE DE LA CATALOGACIÓN
Centro catalogador/agencia de origen CaONFJC
Lengua de catalogación eng
Normas de descripción rda
Centro/agencia transcriptor CaONFJC
Centro/agencia modificador AEU
041 ## - CÓDIGO DE LENGUA
Código de lengua del texto/banda sonora o título independiente English
050 14 - SIGNATURA TOPOGRÁFICA DE LA BIBLIOTECA DEL CONGRESO
Número de clasificación HM831
Número de documento/Ítem .R39 2021eb
100 ## - ENTRADA PRINCIPAL--NOMBRE DE PERSONA
Nombre de persona Rayner, Cynthia,
Término indicativo de función/relación author.
9 (RLIN) 25483
245 14 - MENCIÓN DE TÍTULO
Título The systems work of social change
Resto del título : how to harness connection, context, and power to cultivate deep and enduring change
Mención de responsabilidad, etc. / Cynthia Rayner and François Bonnici.
250 ## - MENCIÓN DE EDICIÓN
Mención de edición First edition.
264 #1 - PRODUCCIÓN, PUBLICACIÓN, DISTRIBUCIÓN, FABRICACIÓN Y COPYRIGHT
Producción, publicación, distribución, fabricación y copyright Oxford, United Kingdom :
Nombre del de productor, editor, distribuidor, fabricante Oxford University Press,
Fecha de producción, publicación, distribución, fabricación o copyright 2021.
264 #4 - PRODUCCIÓN, PUBLICACIÓN, DISTRIBUCIÓN, FABRICACIÓN Y COPYRIGHT
Fecha de producción, publicación, distribución, fabricación o copyright ©2021
300 ## - DESCRIPCIÓN FÍSICA
Extensión xxxviii, 254 pages :
Otras características físicas illustrations
504 ## - NOTA DE BIBLIOGRAFÍA, ETC.
Nota de bibliografía, etc. Includes bibliographical references and index.
505 ## - NOTA DE CONTENIDO CON FORMATO
Nota de contenido con formato Introduction: Working in Systems —<br/>Part I. Principles of Systems Work —<br/>An Industry of Social Change —<br/>Complexity, Scale, and Depth —<br/>Connection, Context, and Power —<br/>Part II. Practices of Systems Work —<br/>Cultivating Collectives —<br/>Equipping Problem-Solvers —<br/>Promoting Platforms —<br/>Disrupting Policies and Patterns —<br/>Reimagining the Future —<br/>Measuring for Learning —<br/>Funding for Partnership —<br/>The Principles in Action —<br/>Appendix: Case Studies: Organisational Practices and Tactics of Systems Work.
506 ## - NOTA DE RESTRICCIONES AL ACCESO
Limitaciones de acceso Access restricted to authorized users and institutions.
520 ## - SUMARIO, ETC.
Sumario, etc. The issues of poverty, inequality, racial justice, and climate change have never been more pressing or paralyzing. Current approaches to social change, which rely on industrial models of production and power to "solve" social problems, are not helping. In fact, they are designed to entrench the status quo. In The Systems Work of Social Change, Cynthia Rayner and François Bonnici draw on two hundred years of history and a treasure trove of stories of committed social changemakers to uncover principles and practices for social change that radically depart from these approaches.<br/><br/>Rather than delivering "solutions," these principles and practices focus on the process of change itself. Through rich storytelling and lucid analysis, Rayner and Bonnici show that connection, context, and power sit at the heart of the change process, ensuring broader agency for people and communities to create social systems that are responsive and representative in a rapidly changing world. Simple yet profound, this book distills a timely set of lessons for practitioners, leaders, scholars, and policymakers.
650 #0 - PUNTO DE ACCESO ADICIONAL DE MATERIA--TÉRMINO DE MATERIA
Término de materia o nombre geográfico como elemento de entrada Social change
9 (RLIN) 9235
650 #0 - PUNTO DE ACCESO ADICIONAL DE MATERIA--TÉRMINO DE MATERIA
Término de materia o nombre geográfico como elemento de entrada Social justice
9 (RLIN) 22682
700 ## - ENTRADA AGREGADA--NOMBRE PERSONAL
Nombre de persona Bonnici, François,
Término indicativo de función/relación author.
9 (RLIN) 25484
942 ## - ELEMENTOS DE ENTRADA AGREGADA (KOHA)
Fuente del sistema de clasificación o colocación Clasificación de Library of Congress
Holdings
Estado de retiro Estado de pérdida Fuente del sistema de clasificación o colocación Estado dañado No para préstamo Biblioteca de origen Biblioteca actual Fecha de adquisición Total de préstamos Signatura topográfica completa Código de barras Fecha visto por última vez Número de copia Precio válido a partir de Tipo de ítem Koha
    Clasificación de Library of Congress     TBS Barcelona TBS Barcelona 17/06/2025   HM831 RAY B07561 17/06/2025 1 17/06/2025 Book

Powered by Koha